Country Quiz: Mali 🇲🇱 - Statistics

General Stats
  • This quiz has been taken 6 times
  • The average score is 18 of 30
Answer Stats
Hint Answer % Correct
Bordering Countries Algeria
100%
Capital Bamako
100%
Currency Franc
100%
Between the 13-17th century, modern-day Mali was the home of this former empire, where its Kings went the title of _____, and its most famous King was also the richest man in recorded history ____ ____ _ Mali Empire
100%
Mansa
100%
Mauritania
100%
Niger
100%
Main River Niger river
100%
Time zones 1
75%
Independence 1960
75%
Burkina Faso
75%
Whilst having started its conquest of Mali, it wasn't until 1892, when this European country formally established Mali its colony, and kept control until Mali's independence France
75%
Guinea
75%
Main Religion Islam
75%
1/44 Countries to lack access to any ocean, otherwise known as... Landlocked
75%
Senegal
75%
Between 1960-68, under the leadership of Modibo Keita, Mali practised a form of this controversial ideology Socialism
75%
Language Bambara
50%
Former colonial name of Mali French Sudan
50%
Main Export Product Gold
50%
Nationality Malian
50%
Mansa Musa I
50%
Cote d'Ivoire
25%
State-Condition Republic
25%
Founding Father Sundiata Keita
25%
Current Military Dictator (2021-) Assimi Goïta
0%
Climate Dry
0%
Situated in this region; one of the most terrorist-affected regions in the world Sahel region
0%
Second-Largest City Sikasso
0%
Main Export Partner (with a 70% share of all exports) United Arab Emirates
0%
No matching quizzes found
Score Distribution
Percent of People with Each Score
Percentile by Number Answered
Your Score History
You have not taken this quiz